00387nam a2200109Ia 4500008004100000041000800041082000800049100009400057245006700151260005100218300000800269221007s9999 xx 000 0 und d aeng bBAM aBamb Rashi - 2k131005; Dr. Sonali Parchure - Guide & [Company Name] Bank of Maharashtra aChanging Technology and Customer Needs in the Banking Industry cSep-14bSavitribai Phule Pune UniversityaPune a53p